000 00678nam a2200217Ia 4500
008
020 _a0397547846 (pbk.)
049 _aMAIN
090 _aRC440
_bBIR
100 1 _aBirckhead, Loretta.
245 1 0 _aInstructor's manual for psychiatric mental health nursing :
_bthe therapeutic use of self /
_cLoretta Birckhead
260 _aMonterey, CA :
_bLippincott,
_cc1989.
300 _avi, 142 p. ;
_c28 cm.
650 0 _aPsychiatric nursing.
740 0 _aPsychiatric mental health nursing.
907 _a.b10171757
_b13-02-13
_c17-08-05
003
005 20230120203917.0
040 _cNUST
942 _cBOOKS
_kRC440
_mBIR
999 _c113696
_d113696